[Event "Leutersdorf Muench Braeu op 10th"]
[Site "Leutersdorf"]
[Date "2005.02.??"]
[Round "9"]
[White "Enge, Helmut"]
[Black "Pohl, Holger"]
[Result "1/2-1/2"]
[WhiteElo "1405"]
[BlackElo "1281"]
[PlyCount "60"]
[EventDate "2005.02.05"]
[EventType "swiss"]
[EventRounds "9"]
[EventCountry "GER"]
[SourceTitle "CBM 104 Extra"]
[Source "ChessBase"]
[SourceDate "2005.03.01"]
[SourceVersion "1"]
[SourceVersionDate "2005.03.01"]
[SourceQuality "1"]

1. d4 d5 2. Nf3 Nc6 3. Bf4 e6 4. e3 a6 5. c3 Nf6 6. Bd3 Bd6 7. Bg3 Qe7 8. Ne5 Bd7 9. Nd2 0-0-0 10. 0-0 g6 11. Qe2 Nh5 12. Rfb1 Nxg3 13. hxg3 Bxe5 14. dxe5 Nxe5 15. Bc2 Bb5 16. Qd1 Kd7 17. Ba4 Ke8 18. Bxb5+ axb5 19. f4 Nc4 20. Nxc4 bxc4 21. a4 f6 22. a5 Ra8 23. Ra2 Ra6 24. b4 Kf7 25. b5 Ra7 26. Qd4 Rha8 27. Rba1 c5 28. Qd1 b6 29. a6 Qd7 30. Rb1 Rc8 1/2-1/2